<?xml version="1.0" encoding="UTF-8"?>
<record
    xmlns:xsi="http://www.w3.org/2001/XMLSchema-instance"
    xsi:schemaLocation="http://www.loc.gov/MARC21/slim http://www.loc.gov/standards/marcxml/schema/MARC21slim.xsd"
    xmlns="http://www.loc.gov/MARC21/slim">

  <leader>01209nam a2200337 i 4500</leader>
  <controlfield tag="001">179079</controlfield>
  <controlfield tag="003">ES-MaACL</controlfield>
  <controlfield tag="005">20240129115659.0</controlfield>
  <controlfield tag="008">110902s2010    sp ap        |||| | spa d</controlfield>
  <datafield tag="020" ind1=" " ind2=" ">
    <subfield code="a">978-84-370-7542-6</subfield>
  </datafield>
  <datafield tag="080" ind1=" " ind2=" ">
    <subfield code="a">75.056(460)</subfield>
  </datafield>
  <datafield tag="080" ind1=" " ind2=" ">
    <subfield code="a">75.035(460)</subfield>
  </datafield>
  <datafield tag="080" ind1=" " ind2=" ">
    <subfield code="a">655.533(460)"18"</subfield>
  </datafield>
  <datafield tag="080" ind1=" " ind2=" ">
    <subfield code="a">741.5.035(460)</subfield>
  </datafield>
  <datafield tag="100" ind1="1" ind2=" ">
    <subfield code="a">Pla Vivas, Vicente.</subfield>
    <subfield code="9">147818</subfield>
  </datafield>
  <datafield tag="245" ind1="1" ind2="3">
    <subfield code="a">La ilustraci&#xF3;n gr&#xE1;fica del siglo XIX </subfield>
    <subfield code="b">: funciones y disfunciones /</subfield>
    <subfield code="c">Vicente Pla Vivas.</subfield>
  </datafield>
  <datafield tag="260" ind1=" " ind2=" ">
    <subfield code="a">[Val&#xE8;ncia] : </subfield>
    <subfield code="b">Universitat de Val&#xE8;ncia, </subfield>
    <subfield code="c">D.L. 2010.</subfield>
  </datafield>
  <datafield tag="300" ind1=" " ind2=" ">
    <subfield code="a">408 p. : </subfield>
    <subfield code="b">il., grab. ; </subfield>
    <subfield code="c">23 cm.</subfield>
  </datafield>
  <datafield tag="490" ind1="1" ind2=" ">
    <subfield code="a">Oberta ; </subfield>
    <subfield code="v">172. </subfield>
    <subfield code="a">Historia</subfield>
  </datafield>
  <datafield tag="500" ind1=" " ind2=" ">
    <subfield code="a">&#xCD;ndice.</subfield>
  </datafield>
  <datafield tag="504" ind1=" " ind2=" ">
    <subfield code="a">Bibliograf&#xED;a: p. 373-396.</subfield>
  </datafield>
  <datafield tag="650" ind1="0" ind2="7">
    <subfield code="a">Ilustraci&#xF3;n de libros-</subfield>
    <subfield code="z">Espa&#xF1;a-</subfield>
    <subfield code="v">Historia.</subfield>
    <subfield code="9">13591</subfield>
  </datafield>
  <datafield tag="650" ind1=" " ind2="7">
    <subfield code="a">Ilustraci&#xF3;n de peri&#xF3;dicos-</subfield>
    <subfield code="z">Espa&#xF1;a.</subfield>
    <subfield code="9">147819</subfield>
  </datafield>
  <datafield tag="650" ind1=" " ind2="7">
    <subfield code="a">Dibujo humor&#xED;stico-</subfield>
    <subfield code="z">Espa&#xF1;a-</subfield>
    <subfield code="y">S.XIX.</subfield>
    <subfield code="9">147820</subfield>
  </datafield>
  <datafield tag="650" ind1=" " ind2="4">
    <subfield code="a">Prensa ilustrada.</subfield>
    <subfield code="9">141477</subfield>
  </datafield>
  <datafield tag="710" ind1="2" ind2=" ">
    <subfield code="a">Universidad de Valencia.</subfield>
    <subfield code="9">7314</subfield>
  </datafield>
  <datafield tag="830" ind1="0" ind2=" ">
    <subfield code="a">Oberta ; </subfield>
    <subfield code="v">172. </subfield>
    <subfield code="a">Historia</subfield>
    <subfield code="9">191061</subfield>
  </datafield>
  <datafield tag="852" ind1=" " ind2=" ">
    <subfield code="a">ES-MaACL</subfield>
    <subfield code="j">A-11469</subfield>
    <subfield code="9">185948</subfield>
    <subfield code="b">R.145868</subfield>
    <subfield code="d">Olim: N-4473</subfield>
    <subfield code="c">DEPO1</subfield>
  </datafield>
  <datafield tag="942" ind1=" " ind2=" ">
    <subfield code="2">udc</subfield>
    <subfield code="c">MONOGRAFIA</subfield>
  </datafield>
  <datafield tag="999" ind1=" " ind2=" ">
    <subfield code="c">179079</subfield>
    <subfield code="d">179079</subfield>
  </datafield>
  <datafield tag="952" ind1=" " ind2=" ">
    <subfield code="0">0</subfield>
    <subfield code="1">0</subfield>
    <subfield code="2">udc</subfield>
    <subfield code="4">0</subfield>
    <subfield code="7">0</subfield>
    <subfield code="8">Biblioteca_profesional </subfield>
    <subfield code="a">ATENEOM</subfield>
    <subfield code="b">ATENEOM</subfield>
    <subfield code="c">DEPO1</subfield>
    <subfield code="d">2011-09-02</subfield>
    <subfield code="e">COMPRA</subfield>
    <subfield code="l">0</subfield>
    <subfield code="o">A-11469</subfield>
    <subfield code="p">1188112</subfield>
    <subfield code="r">2023-02-23 00:00:00</subfield>
    <subfield code="w">2023-02-23</subfield>
    <subfield code="y">MONOGRAFIA</subfield>
  </datafield>
</record>
